[Event "World Chess Olympiad 2018"]
[Site "Batumi"]
[Date "2018.10.02"]
[Round "8"]
[Board "4"]
[WhiteFideId "4900774"]
[White "Nasanjargal Urtnasan"]
[BlackFideId "14200287"]
[Black "Khoroshev Nikita"]
[Result "1-0"]
[LiveChessVersion "1.4.8"]
[BlackElo "2416"]
[WhiteElo "2470"]

1. d4 {[%clk 1:30:47]} Nf6 {[%clk 1:30:34]} 2. c4 {[%clk 1:31:04]} e6
{[%clk 1:30:16]} 3. g3 {[%clk 1:31:23]} Bb4+ {[%clk 1:28:59]} 4. Nd2
{[%clk 1:31:30]} Nc6 {[%clk 1:20:56]} 5. a3 {[%clk 1:23:15]} Bxd2+
{[%clk 1:20:55]} 6. Qxd2 {[%clk 1:23:38]} d5 {[%clk 1:21:21]} 7. Nf3
{[%clk 1:17:36]} dxc4 {[%clk 1:17:40]} 8. Bg2 {[%clk 1:16:59]} Rb8
{[%clk 1:17:20]} 9. O-O {[%clk 0:48:31]} O-O {[%clk 1:15:17]} 10. Qc3
{[%clk 0:39:06]} b5 {[%clk 1:07:33]} 11. b3 {[%clk 0:33:06]} Ba6 {[%clk 1:01:09]}
12. Re1 {[%clk 0:28:10]} b4 {[%clk 0:45:31]} 13. axb4 {[%clk 0:28:33]} Nd5
{[%clk 0:45:17]} 14. Qd2 {[%clk 0:26:19]} c3 {[%clk 0:31:41]} 15. Qd1
{[%clk 0:26:43]} Ndxb4 {[%clk 0:32:05]} 16. Ba3 {[%clk 0:26:26]} Re8
{[%clk 0:32:03]} 17. Qc1 {[%clk 0:21:57]} c2 {[%clk 0:29:49]} 18. Ne5
{[%clk 0:20:23]} Nxe5 {[%clk 0:23:04]} 19. dxe5 {[%clk 0:17:08]} Bb7
{[%clk 0:21:07]} 20. Bxb4 {[%clk 0:14:38]} Bxg2 {[%clk 0:21:31]} 21. Bc5
{[%clk 0:15:02]} Ba8 {[%clk 0:19:45]} 22. Qxc2 {[%clk 0:13:47]} Qd5
{[%clk 0:19:33]} 23. f3 {[%clk 0:13:52]} Qxb3 {[%clk 0:18:10]} 24. Qxb3
{[%clk 0:07:22]} Rxb3 {[%clk 0:18:38]} 25. Rxa7 {[%clk 0:07:41]} Rb7
{[%clk 0:18:09]} 26. Rea1 {[%clk 0:07:02]} Rxa7 {[%clk 0:18:34]} 27. Rxa7
{[%clk 0:07:26]} Rc8 {[%clk 0:19:01]} 28. g4 {[%clk 0:07:06]} h6 {[%clk 0:16:15]}
29. h4 {[%clk 0:07:03]} Bc6 {[%clk 0:09:43]} 30. h5 {[%clk 0:07:05]} Bb5
{[%clk 0:04:44]} 31. e4 {[%clk 0:03:59]} Be2 {[%clk 0:04:12]} 32. Kf2
{[%clk 0:04:20]} Bd1 {[%clk 0:04:08]} 33. Rb7 {[%clk 0:03:18]} Kh7
{[%clk 0:03:59]} 34. Ke3 {[%clk 0:02:03]} Kg8 {[%clk 0:04:04]} 35. Rb1
{[%clk 0:01:27]} Rd8 {[%clk 0:03:05]} 36. g5 {[%clk 0:01:47]} hxg5
{[%clk 0:02:56]} 37. Be7 {[%clk 0:02:12]} Rd7 {[%clk 0:01:39]} 38. Bxg5
{[%clk 0:02:37]} Kh7 {[%clk 0:02:03]} 39. Rc1 {[%clk 0:01:51]} Kg8
{[%clk 0:00:55]} 40. h6 {[%clk 0:31:57]} gxh6 {[%clk 0:31:24]} 41. Bxh6
{[%clk 0:32:17]} Kh7 {[%clk 0:28:41]} 42. Bg5 {[%clk 0:31:59]} Ba4
{[%clk 0:19:03]} 43. Bf6 {[%clk 0:26:30]} Bb5 {[%clk 0:15:21]} 44. Kf4
{[%clk 0:25:30]} Kg6 {[%clk 0:15:50]} 45. Rg1+ {[%clk 0:25:05]} Kh6
{[%clk 0:15:57]} 46. Bg7+ {[%clk 0:24:55]} Kh7 {[%clk 0:16:10]} 47. Bf8
{[%clk 0:24:48]} Rd8 {[%clk 0:16:36]} 48. Rh1+ {[%clk 0:25:03]} 1-0

[Event "World Chess Olympiad 2018"]
[Site "Batumi"]
[Date "2018.10.02"]
[Round "8"]
[Board "1"]
[WhiteFideId "1407767"]
[White "Glud Jakob Vang"]
[BlackFideId "4692055"]
[Black "Bogner Sebastian"]
[Result "1-0"]
[LiveChessVersion "1.4.8"]
[BlackElo "2619"]
[WhiteElo "2514"]

1. c4 {[%clk 1:30:48]} f5 {[%clk 1:30:43]} 2. g3 {[%clk 1:30:58]} Nf6
{[%clk 1:30:56]} 3. Bg2 {[%clk 1:31:24]} e5 {[%clk 1:30:36]} 4. Nc3
{[%clk 1:29:28]} Bb4 {[%clk 1:30:33]} 5. Nd5 {[%clk 1:29:50]} Nxd5
{[%clk 1:30:51]} 6. cxd5 {[%clk 1:30:15]} O-O {[%clk 1:30:50]} 7. Qb3
{[%clk 1:29:40]} Ba5 {[%clk 1:27:33]} 8. Nf3 {[%clk 1:28:27]} Qf6
{[%clk 1:18:59]} 9. O-O {[%clk 1:28:03]} e4 {[%clk 1:19:25]} 10. Ne1
{[%clk 1:27:47]} d6 {[%clk 1:18:29]} 11. d3 {[%clk 1:25:13]} Nd7 {[%clk 1:14:29]}
12. Be3 {[%clk 1:20:22]} Qe5 {[%clk 0:54:34]} 13. dxe4 {[%clk 1:06:59]} fxe4
{[%clk 0:54:54]} 14. Qa4 {[%clk 0:58:36]} Bxe1 {[%clk 0:40:08]} 15. Raxe1
{[%clk 0:57:54]} Nf6 {[%clk 0:40:35]} 16. Bd4 {[%clk 0:49:03]} Qxd5
{[%clk 0:40:53]} 17. Bxf6 {[%clk 0:42:50]} Rxf6 {[%clk 0:41:07]} 18. Bxe4
{[%clk 0:43:13]} Qf7 {[%clk 0:37:55]} 19. Bg2 {[%clk 0:36:10]} d5
{[%clk 0:37:55]} 20. e4 {[%clk 0:36:10]} dxe4 21. Rxe4 Bf5 {[%clk 0:31:58]} 22.
Re5 {[%clk 0:36:24]} c6 {[%clk 0:30:52]} 23. Rfe1 {[%clk 0:36:34]} Be6
{[%clk 0:26:01]} 24. a3 {[%clk 0:34:14]} a6 {[%clk 0:25:52]} 25. Qd4
{[%clk 0:33:56]} Rf8 {[%clk 0:25:18]} 26. f4 {[%clk 0:34:08]} Kh8
{[%clk 0:18:23]} 27. Qb4 {[%clk 0:29:43]} Kg8 {[%clk 0:15:49]} 28. Qc5
{[%clk 0:27:41]} h6 {[%clk 0:15:46]} 29. h4 {[%clk 0:26:34]} Rd8 {[%clk 0:12:20]}
30. Qe3 {[%clk 0:26:18]} Rd6 {[%clk 0:10:58]} 31. Bf1 {[%clk 0:22:34]} Kh8
{[%clk 0:05:39]} 32. Bd3 {[%clk 0:22:45]} Kg8 {[%clk 0:04:36]} 33. h5
{[%clk 0:18:43]} Qd7 {[%clk 0:01:16]} 34. Bg6 {[%clk 0:15:42]} Rd1
{[%clk 0:00:54]} 35. Rxd1 {[%clk 0:13:51]} Qxd1+ {[%clk 0:01:23]} 36. Kf2
{[%clk 0:13:37]} Qd6 {[%clk 0:01:24]} 37. Bd3 {[%clk 0:12:20]} Bd5
{[%clk 0:01:03]} 38. Re7 {[%clk 0:11:24]} Rf7 {[%clk 0:00:41]} 39. Rxb7
{[%clk 0:11:35]} Rxb7 {[%clk 0:00:34]} 40. Qe8+ {[%clk 0:42:04]} Qf8
{[%clk 0:31:00]} 41. Bh7+ {[%clk 0:42:28]} Kxh7 {[%clk 0:31:26]} 42. Qxf8
{[%clk 0:42:54]} Rxb2+ {[%clk 0:31:47]} 43. Ke1 {[%clk 0:41:58]} Rb1+
{[%clk 0:20:55]} 44. Kd2 {[%clk 0:41:26]} Rb2+ {[%clk 0:21:22]} 45. Kc1
{[%clk 0:41:33]} Rg2 {[%clk 0:21:49]} 46. Qf5+ {[%clk 0:40:38]} Kh8
{[%clk 0:20:55]} 47. Qg6 {[%clk 0:38:10]} Bf3 {[%clk 0:19:39]} 48. f5
{[%clk 0:37:29]} 1-0

[Event "World Chess Olympiad 2018"]
[Site "Batumi"]
[Date "2018.10.02"]
[Round "8"]
[Board "2"]
[WhiteFideId "1300113"]
[White "Georgiadis Nico"]
[BlackFideId "1403613"]
[Black "Bekker-Jensen Simon"]
[Result "1-0"]
[LiveChessVersion "1.4.8"]
[BlackElo "2482"]
[WhiteElo "2522"]

1. d4 {[%clk 1:30:56]} Nf6 {[%clk 1:30:41]} 2. c4 {[%clk 1:31:19]} g6
{[%clk 1:31:04]} 3. g3 {[%clk 1:31:27]} Bg7 {[%clk 1:31:25]} 4. Bg2
{[%clk 1:31:51]} O-O {[%clk 1:31:45]} 5. Nc3 {[%clk 1:32:16]} d6 {[%clk 1:32:07]}
6. Nf3 {[%clk 1:32:39]} Nc6 {[%clk 1:31:57]} 7. O-O {[%clk 1:33:03]} e5
{[%clk 1:32:09]} 8. dxe5 {[%clk 1:32:01]} dxe5 {[%clk 1:32:25]} 9. Bg5
{[%clk 1:32:16]} Be6 {[%clk 1:32:20]} 10. Qc1 {[%clk 1:32:10]} Qc8
{[%clk 1:32:06]} 11. Rd1 {[%clk 1:32:32]} Rd8 {[%clk 1:29:34]} 12. Rxd8+
{[%clk 1:31:21]} Qxd8 {[%clk 1:29:50]} 13. Ne4 {[%clk 1:31:35]} Qe7
{[%clk 1:28:49]} 14. Nfd2 {[%clk 1:25:14]} Rd8 {[%clk 1:12:39]} 15. b3
{[%clk 0:47:02]} Nd4 {[%clk 0:57:24]} 16. Kf1 {[%clk 0:46:08]} Bc8
{[%clk 0:52:37]} 17. Qb2 {[%clk 0:42:06]} h6 {[%clk 0:51:51]} 18. Bxf6
{[%clk 0:40:24]} Bxf6 {[%clk 0:52:11]} 19. e3 {[%clk 0:33:13]} Nf5
{[%clk 0:47:29]} 20. Nxf6+ {[%clk 0:32:15]} Qxf6 {[%clk 0:47:52]} 21. Nf3
{[%clk 0:22:05]} Re8 {[%clk 0:47:07]} 22. Rd1 {[%clk 0:21:23]} Qe7
{[%clk 0:46:11]} 23. Qxe5 {[%clk 0:16:17]} Be6 {[%clk 0:45:47]} 24. Qc3
{[%clk 0:15:43]} Rd8 {[%clk 0:45:00]} 25. Rxd8+ {[%clk 0:15:42]} Qxd8
{[%clk 0:40:40]} 26. Ke1 {[%clk 0:13:11]} c6 {[%clk 0:39:45]} 27. Nd2
{[%clk 0:13:09]} f6 {[%clk 0:37:25]} 28. Ne4 {[%clk 0:13:15]} Kf7
{[%clk 0:37:38]} 29. h4 {[%clk 0:10:48]} g5 {[%clk 0:35:20]} 30. hxg5
{[%clk 0:10:16]} hxg5 {[%clk 0:35:27]} 31. Bf3 {[%clk 0:10:00]} Ng7
{[%clk 0:32:38]} 32. c5 {[%clk 0:07:42]} Qe7 {[%clk 0:26:00]} 33. Nd6+
{[%clk 0:08:03]} Kg6 {[%clk 0:18:46]} 34. Qb4 {[%clk 0:08:03]} b6
{[%clk 0:18:52]} 35. cxb6 {[%clk 0:03:23]} axb6 {[%clk 0:18:49]} 36. Qe4+
{[%clk 0:02:32]} f5 {[%clk 0:16:17]} 37. Qxc6 {[%clk 0:02:59]} Qf6
{[%clk 0:16:34]} 38. Kd2 {[%clk 0:01:09]} Qb2+ {[%clk 0:14:57]} 39. Qc2
{[%clk 0:01:29]} Qa3 {[%clk 0:15:21]} 40. Nb5 {[%clk 0:30:51]} Qa5+
{[%clk 0:44:40]} 41. Nc3 {[%clk 0:31:14]} b5 {[%clk 0:44:38]} 42. Kc1
{[%clk 0:26:41]} Kh6 {[%clk 0:37:42]} 43. Qd2 {[%clk 0:23:34]} b4
{[%clk 0:34:10]} 44. Ne2 {[%clk 0:22:50]} 1-0

[Event "World Chess Olympiad 2018"]
[Site "Batumi"]
[Date "2018.10.02"]
[Round "8"]
[Board "3"]
[WhiteFideId "1407970"]
[White "Mikkelsen Nikolaj"]
[BlackFideId "1319620"]
[Black "Studer Noel"]
[Result "0-1"]
[LiveChessVersion "1.4.8"]
[BlackElo "2484"]
[WhiteElo "2467"]

1. e4 {[%clk 1:30:41]} e6 {[%clk 1:30:55]} 2. d4 {[%clk 1:31:02]} d5
{[%clk 1:31:19]} 3. Nd2 {[%clk 1:31:27]} c5 {[%clk 1:31:45]} 4. exd5
{[%clk 1:31:14]} Qxd5 {[%clk 1:32:08]} 5. Ngf3 {[%clk 1:31:39]} cxd4
{[%clk 1:32:33]} 6. Bc4 {[%clk 1:32:00]} Qd7 {[%clk 1:33:01]} 7. O-O
{[%clk 1:31:04]} Nc6 {[%clk 1:33:26]} 8. Qe2 {[%clk 1:31:02]} a6 {[%clk 1:32:33]}
9. a4 {[%clk 1:29:51]} Nf6 {[%clk 1:31:38]} 10. Nb3 {[%clk 1:29:32]} Bd6
{[%clk 1:31:29]} 11. Rd1 {[%clk 1:25:09]} e5 {[%clk 1:29:34]} 12. Nbxd4
{[%clk 1:23:48]} Nxd4 {[%clk 1:29:47]} 13. Rxd4 {[%clk 1:21:13]} Qe7
{[%clk 1:30:10]} 14. Rxd6 {[%clk 1:19:55]} Qxd6 {[%clk 1:30:02]} 15. b3
{[%clk 1:20:17]} e4 {[%clk 1:30:28]} 16. Ba3 {[%clk 1:19:45]} Qf4
{[%clk 1:30:53]} 17. Qe1 {[%clk 1:10:24]} Be6 {[%clk 1:22:17]} 18. g3
{[%clk 1:03:28]} Qxf3 {[%clk 1:15:43]} 19. Be2 {[%clk 0:43:27]} Qf5
{[%clk 1:14:47]} 20. Rd1 {[%clk 0:43:49]} Rd8 {[%clk 0:48:13]} 21. Qb4
{[%clk 0:43:32]} Rxd1+ {[%clk 0:48:21]} 22. Bxd1 {[%clk 0:43:55]} Nd5
{[%clk 0:48:44]} 23. Qxb7 {[%clk 0:43:35]} Bc8 {[%clk 0:49:05]} 24. Qc6+
{[%clk 0:38:13]} Qd7 {[%clk 0:49:31]} 25. Qc5 {[%clk 0:38:11]} Bb7
{[%clk 0:49:41]} 26. c4 {[%clk 0:34:59]} Ne7 {[%clk 0:49:34]} 27. Bg4
{[%clk 0:32:41]} f5 {[%clk 0:49:58]} 28. Bh5+ {[%clk 0:32:29]} g6
{[%clk 0:49:17]} 29. Qe5 {[%clk 0:31:56]} Rg8 {[%clk 0:39:38]} 30. Be2
{[%clk 0:32:14]} Kf7 {[%clk 0:39:56]} 31. Bb2 {[%clk 0:26:05]} Qe6
{[%clk 0:37:49]} 32. Qc3 {[%clk 0:25:47]} e3 {[%clk 0:35:58]} 33. f3
{[%clk 0:25:49]} g5 {[%clk 0:35:25]} 34. Bc1 {[%clk 0:23:19]} f4 {[%clk 0:31:59]}
35. g4 {[%clk 0:20:51]} h5 {[%clk 0:32:22]} 36. h3 {[%clk 0:20:50]} hxg4
{[%clk 0:32:21]} 37. hxg4 {[%clk 0:21:14]} Rg7 {[%clk 0:31:31]} 0-1

[Event "World Chess Olympiad 2018"]
[Site "Batumi"]
[Date "2018.10.02"]
[Round "8"]
[Board "4"]
[WhiteFideId "1304232"]
[White "Jenni Florian"]
[BlackFideId "1444948"]
[Black "Bjerre Jonas Buhl"]
[Result "1/2-1/2"]
[LiveChessVersion "1.4.8"]
[BlackElo "2423"]
[WhiteElo "2456"]

1. d4 {[%clk 1:30:48]} Nf6 {[%clk 1:30:37]} 2. Nf3 {[%clk 1:30:25]} d5
{[%clk 1:29:34]} 3. c4 {[%clk 1:29:29]} e6 {[%clk 1:29:24]} 4. g3
{[%clk 1:27:05]} dxc4 {[%clk 1:28:53]} 5. Qa4+ {[%clk 1:24:57]} Nbd7
{[%clk 1:26:57]} 6. Bg2 {[%clk 1:22:46]} a6 {[%clk 1:25:58]} 7. Qxc4
{[%clk 1:20:21]} b5 {[%clk 1:24:57]} 8. Qb3 {[%clk 1:17:23]} Bb7 {[%clk 1:21:45]}
9. a4 {[%clk 1:15:49]} c5 {[%clk 1:16:46]} 10. O-O {[%clk 1:12:40]} Be7
{[%clk 1:11:23]} 11. axb5 {[%clk 1:04:07]} Bd5 {[%clk 1:07:28]} 12. Qc2
{[%clk 1:01:11]} Be4 {[%clk 1:02:44]} 13. Qd1 {[%clk 0:56:04]} axb5
{[%clk 0:59:49]} 14. Rxa8 {[%clk 0:55:10]} Qxa8 {[%clk 0:58:02]} 15. Bg5
{[%clk 0:45:53]} O-O {[%clk 0:52:38]} 16. Nbd2 {[%clk 0:41:53]} Bb7
{[%clk 0:45:15]} 17. dxc5 {[%clk 0:32:26]} Nxc5 {[%clk 0:43:09]} 18. Qa1
{[%clk 0:26:57]} h6 {[%clk 0:37:07]} 19. Be3 {[%clk 0:24:55]} Nfe4
{[%clk 0:32:12]} 20. Nxe4 {[%clk 0:23:11]} Bxe4 {[%clk 0:31:05]} 21. Qxa8
{[%clk 0:17:03]} Rxa8 {[%clk 0:29:25]} 22. Bxc5 {[%clk 0:17:27]} Bxc5
{[%clk 0:29:26]} 23. Ne5 {[%clk 0:15:57]} f5 {[%clk 0:22:49]} 24. Bxe4
{[%clk 0:07:06]} fxe4 {[%clk 0:23:15]} 25. Rd1 {[%clk 0:07:22]} Be7
{[%clk 0:20:05]} 26. Nc6 {[%clk 0:03:38]} Bf6 {[%clk 0:19:45]} 27. b4
{[%clk 0:03:20]} Rc8 {[%clk 0:16:13]} 28. Rd6 {[%clk 0:02:31]} Kf7
{[%clk 0:15:15]} 29. e3 {[%clk 0:02:33]} Rc7 {[%clk 0:12:22]} 30. h4
{[%clk 0:02:22]} h5 {[%clk 0:11:28]} 31. Kf1 {[%clk 0:02:32]} Rc8
{[%clk 0:11:05]} 32. Ke2 {[%clk 0:02:34]} Rc7 {[%clk 0:10:48]} 33. f3
{[%clk 0:00:48]} exf3+ {[%clk 0:10:08]} 34. Kxf3 {[%clk 0:01:16]} Rc8
{[%clk 0:07:35]} 35. Kf4 {[%clk 0:00:35]} Be7 {[%clk 0:04:58]} 36. Nxe7
{[%clk 0:00:35]} Kxe7 {[%clk 0:05:17]} 37. Rb6 {[%clk 0:00:45]} Rf8+
{[%clk 0:04:08]} 38. Ke4 {[%clk 0:00:34]} Rf5 {[%clk 0:04:15]} 39. Kd4
{[%clk 0:30:48]} Rd5+ {[%clk 0:33:49]} 40. Kc3 {[%clk 0:31:11]} Re5
{[%clk 0:32:37]} 41. Kd3 {[%clk 0:27:49]} Rd5+ {[%clk 0:32:12]} 42. Ke2
{[%clk 0:27:23]} Re5 {[%clk 0:30:18]} 43. Kd3 {[%clk 0:22:19]} Rd5+
{[%clk 0:30:20]} 44. Kc3 {[%clk 0:22:35]} Re5 {[%clk 0:29:01]} 45. e4
{[%clk 0:21:58]} Rxe4 {[%clk 0:28:00]} 46. Rxb5 {[%clk 0:22:21]} Re3+
{[%clk 0:25:32]} 47. Kc4 {[%clk 0:18:19]} Rxg3 {[%clk 0:24:54]} 48. Rxh5
{[%clk 0:18:38]} Kd6 {[%clk 0:23:03]} 49. Rg5 {[%clk 0:11:52]} Rh3
{[%clk 0:22:09]} 50. Rg4 {[%clk 0:12:17]} Rh1 {[%clk 0:14:28]} 51. Rd4+
{[%clk 0:12:43]} Kc6 {[%clk 0:13:45]} 52. b5+ {[%clk 0:11:52]} Kb6
{[%clk 0:13:16]} 53. Re4 {[%clk 0:09:08]} Rc1+ {[%clk 0:10:58]} 54. Kd4
{[%clk 0:09:22]} Kxb5 {[%clk 0:10:34]} 55. Ke5 {[%clk 0:09:40]} Rc5+
{[%clk 0:09:53]} 56. Kxe6 {[%clk 0:08:38]} g5 {[%clk 0:09:32]} 57. hxg5
{[%clk 0:08:42]} Rxg5 {[%clk 0:09:54]} 58. Re5+ {[%clk 0:09:09]} Rxe5+
{[%clk 0:10:19]} 59. Kxe5 {[%clk 0:09:37]} 1/2-1/2

[Event "World Chess Olympiad 2018"]
[Site "Batumi"]
[Date "2018.10.02"]
[Round "8"]
[Board "1"]
[WhiteFideId "2500914"]
[White "Baburin Alexander"]
[BlackFideId "14001101"]
[Black "Atabayev Maksat"]
[Result "0-1"]
[LiveChessVersion "1.4.8"]
[BlackElo "2505"]
[WhiteElo "2452"]

1. d4 {[%clk 1:30:57]} Nf6 {[%clk 1:30:30]} 2. Nf3 {[%clk 1:31:06]} g6
{[%clk 1:30:54]} 3. g3 {[%clk 1:31:27]} Bg7 {[%clk 1:31:06]} 4. Bg2
{[%clk 1:31:50]} O-O {[%clk 1:31:32]} 5. O-O {[%clk 1:32:11]} d6 {[%clk 1:31:58]}
6. b3 {[%clk 1:32:19]} c6 {[%clk 1:25:22]} 7. Bb2 {[%clk 1:29:37]} Nbd7
{[%clk 1:19:44]} 8. Nbd2 {[%clk 1:23:30]} c5 {[%clk 1:12:42]} 9. e3
{[%clk 1:16:39]} Rb8 {[%clk 1:08:11]} 10. c4 {[%clk 1:12:24]} cxd4
{[%clk 1:07:22]} 11. exd4 {[%clk 1:10:37]} e6 {[%clk 1:05:11]} 12. a4
{[%clk 0:56:10]} b6 {[%clk 1:05:13]} 13. Re1 {[%clk 0:55:55]} Bb7
{[%clk 1:02:05]} 14. a5 {[%clk 0:52:24]} Re8 {[%clk 0:52:28]} 15. axb6
{[%clk 0:49:37]} axb6 {[%clk 0:52:11]} 16. b4 {[%clk 0:45:23]} Qc7
{[%clk 0:49:14]} 17. Qb3 {[%clk 0:40:40]} Ra8 {[%clk 0:47:53]} 18. Rxa8
{[%clk 0:30:22]} Rxa8 {[%clk 0:47:04]} 19. b5 {[%clk 0:23:44]} Bh6
{[%clk 0:41:43]} 20. Qd3 {[%clk 0:09:22]} Rc8 {[%clk 0:39:12]} 21. Bf1
{[%clk 0:07:36]} d5 {[%clk 0:29:20]} 22. Ne5 {[%clk 0:07:36]} Nxe5
{[%clk 0:15:58]} 23. dxe5 {[%clk 0:07:47]} Nd7 {[%clk 0:13:10]} 24. cxd5
{[%clk 0:07:36]} Nc5 {[%clk 0:13:32]} 25. Qe2 {[%clk 0:05:59]} Bxd5
{[%clk 0:12:33]} 26. Nc4 {[%clk 0:05:57]} Bxc4 {[%clk 0:11:40]} 27. Qxc4
{[%clk 0:06:18]} Qd7 {[%clk 0:10:05]} 28. Qd4 {[%clk 0:05:49]} Qe8
{[%clk 0:10:05]} 29. Rd1 {[%clk 0:05:03]} Bf8 {[%clk 0:10:13]} 30. Qc4
{[%clk 0:02:48]} Ra8 {[%clk 0:07:37]} 31. Bg2 {[%clk 0:01:58]} Ra4
{[%clk 0:07:48]} 32. Qe2 {[%clk 0:01:56]} Ra2 {[%clk 0:06:49]} 33. Ra1
{[%clk 0:02:02]} Rxa1+ {[%clk 0:04:24]} 34. Bxa1 {[%clk 0:02:27]} Qd7
{[%clk 0:04:48]} 35. Bc3 {[%clk 0:02:09]} Na4 {[%clk 0:03:30]} 36. Bd2
{[%clk 0:02:28]} Qd4 {[%clk 0:03:47]} 37. Be1 {[%clk 0:01:30]} Bg7
{[%clk 0:03:35]} 38. Qe4 {[%clk 0:01:25]} Bxe5 {[%clk 0:03:14]} 39. Qxd4
{[%clk 0:01:21]} Bxd4 {[%clk 0:03:39]} 40. Bd2 {[%clk 0:31:12]} Kf8
{[%clk 0:30:35]} 41. Kf1 {[%clk 0:24:11]} Ke7 {[%clk 0:30:13]} 42. Ke2
{[%clk 0:24:12]} Bc5 {[%clk 0:29:56]} 43. h4 {[%clk 0:22:58]} Nb2
{[%clk 0:28:44]} 44. Be4 {[%clk 0:21:33]} Nc4 {[%clk 0:25:30]} 45. Bc3
{[%clk 0:21:14]} Nd6 {[%clk 0:25:14]} 46. Bd3 {[%clk 0:21:18]} Ne8
{[%clk 0:22:57]} 47. g4 {[%clk 0:20:17]} Nc7 {[%clk 0:22:28]} 48. f4
{[%clk 0:17:38]} Nd5 {[%clk 0:22:19]} 49. Bd2 {[%clk 0:18:00]} f5
{[%clk 0:19:43]} 50. gxf5 {[%clk 0:09:48]} gxf5 {[%clk 0:19:26]} 51. Kf3
{[%clk 0:09:39]} Kf7 {[%clk 0:15:32]} 52. Bc1 {[%clk 0:06:05]} Be7
{[%clk 0:12:12]} 53. Kg3 {[%clk 0:04:44]} Bb4 {[%clk 0:12:36]} 54. Bc4
{[%clk 0:04:21]} Be1+ {[%clk 0:12:44]} 55. Kh3 {[%clk 0:04:48]} Bf2
{[%clk 0:13:06]} 56. Bxd5 {[%clk 0:00:55]} exd5 {[%clk 0:13:31]} 57. h5
{[%clk 0:01:23]} Kg7 {[%clk 0:10:55]} 58. Ba3 {[%clk 0:01:01]} Kh6
{[%clk 0:11:09]} 59. Be7 {[%clk 0:00:37]} Kxh5 {[%clk 0:11:25]} 60. Bd8
{[%clk 0:00:36]} Bc5 {[%clk 0:11:45]} 61. Kg3 {[%clk 0:00:54]} d4
{[%clk 0:12:10]} 62. Kf3 {[%clk 0:01:17]} d3 {[%clk 0:12:35]} 63. Bf6
{[%clk 0:00:54]} d2 {[%clk 0:12:57]} 64. Ke2 {[%clk 0:01:17]} Be3
{[%clk 0:13:19]} 0-1

[Event "World Chess Olympiad 2018"]
[Site "Batumi"]
[Date "2018.10.02"]
[Round "8"]
[Board "2"]
[WhiteFideId "14000571"]
[White "Atabayev Saparmyrat"]
[BlackFideId "2504243"]
[Black "O`Donnell Conor"]
[Result "1-0"]
[LiveChessVersion "1.4.8"]
[BlackElo "2360"]
[WhiteElo "2443"]

1. d4 {[%clk 1:30:56]} d5 {[%clk 1:30:53]} 2. c4 {[%clk 1:31:20]} dxc4
{[%clk 1:31:09]} 3. e3 {[%clk 1:31:26]} Nf6 {[%clk 1:31:14]} 4. Bxc4
{[%clk 1:31:49]} e6 {[%clk 1:31:36]} 5. Nf3 {[%clk 1:32:05]} a6 {[%clk 1:31:29]}
6. O-O {[%clk 1:31:20]} c5 {[%clk 1:31:43]} 7. a4 {[%clk 1:27:45]} Nc6
{[%clk 1:31:37]} 8. Nc3 {[%clk 1:27:29]} Be7 {[%clk 1:26:24]} 9. h3
{[%clk 1:13:04]} O-O {[%clk 1:23:25]} 10. dxc5 {[%clk 1:13:28]} Bxc5
{[%clk 1:16:43]} 11. e4 {[%clk 1:12:08]} Qc7 {[%clk 1:09:46]} 12. Bg5
{[%clk 1:07:44]} h6 {[%clk 1:03:22]} 13. Bxf6 {[%clk 1:05:19]} gxf6
{[%clk 1:03:49]} 14. Nh2 {[%clk 1:04:26]} Ne5 {[%clk 1:00:08]} 15. Be2
{[%clk 1:02:53]} Ng6 {[%clk 0:49:10]} 16. Kh1 {[%clk 0:53:49]} b6
{[%clk 0:43:54]} 17. Bh5 {[%clk 0:50:46]} Kg7 {[%clk 0:39:44]} 18. Qg4
{[%clk 0:23:48]} Qf4 {[%clk 0:34:52]} 19. Qe2 {[%clk 0:23:48]} Rd8
{[%clk 0:33:49]} 20. Nf3 {[%clk 0:19:54]} Bb7 {[%clk 0:32:28]} 21. g3
{[%clk 0:20:18]} Qc7 {[%clk 0:29:47]} 22. Rac1 {[%clk 0:20:22]} Rac8
{[%clk 0:25:38]} 23. Kh2 {[%clk 0:20:35]} Qc6 {[%clk 0:22:55]} 24. h4
{[%clk 0:14:55]} b5 {[%clk 0:19:40]} 25. Bxg6 {[%clk 0:11:08]} fxg6
{[%clk 0:19:06]} 26. axb5 {[%clk 0:11:06]} axb5 {[%clk 0:19:31]} 27. b4
{[%clk 0:11:09]} Bxb4 {[%clk 0:17:23]} 28. Nd5 {[%clk 0:11:31]} Qd6
{[%clk 0:07:19]} 29. Rxc8 {[%clk 0:09:59]} Bxc8 {[%clk 0:07:19]} 30. Nxb4
{[%clk 0:10:13]} Qxb4 {[%clk 0:07:42]} 31. Rc1 {[%clk 0:10:14]} Qd6
{[%clk 0:04:49]} 32. e5 {[%clk 0:09:52]} fxe5 {[%clk 0:05:02]} 33. Nxe5
{[%clk 0:10:14]} Bb7 {[%clk 0:03:20]} 34. Qxb5 {[%clk 0:10:16]} Bd5
{[%clk 0:03:05]} 35. Qb2 {[%clk 0:10:05]} Rb8 {[%clk 0:01:21]} 36. Qc3
{[%clk 0:10:08]} Rb3 {[%clk 0:00:42]} 37. Qa1 {[%clk 0:08:38]} Ra3
{[%clk 0:00:46]} 38. Qd4 {[%clk 0:09:01]} Kh7 {[%clk 0:00:38]} 39. Rc8
{[%clk 0:08:59]} Qe7 {[%clk 0:00:33]} 40. Ng4 {[%clk 0:38:07]} g5
{[%clk 0:30:35]} 41. h5 {[%clk 0:36:10]} 1-0

[Event "World Chess Olympiad 2018"]
[Site "Batumi"]
[Date "2018.10.02"]
[Round "8"]
[Board "3"]
[WhiteFideId "628859"]
[White "Jessel Stephen"]
[BlackFideId "14003937"]
[Black "Nurmamedov Azat"]
[Result "1/2-1/2"]
[LiveChessVersion "1.4.8"]
[BlackElo "2349"]
[WhiteElo "2317"]

1. Nf3 {[%clk 1:30:47]} d5 {[%clk 1:30:55]} 2. c4 {[%clk 1:31:00]} d4
{[%clk 1:31:21]} 3. b4 {[%clk 1:30:59]} Bg4 {[%clk 1:31:18]} 4. d3
{[%clk 1:30:37]} Bxf3 {[%clk 1:29:26]} 5. exf3 {[%clk 1:30:59]} e5
{[%clk 1:28:35]} 6. a3 {[%clk 1:30:43]} a5 {[%clk 1:25:30]} 7. b5
{[%clk 1:31:00]} Bd6 {[%clk 1:24:41]} 8. g3 {[%clk 1:30:45]} Nd7 {[%clk 1:22:53]}
9. Bg2 {[%clk 1:29:16]} Ne7 {[%clk 1:22:22]} 10. O-O {[%clk 1:25:29]} O-O
{[%clk 1:21:53]} 11. f4 {[%clk 1:17:37]} exf4 {[%clk 1:17:23]} 12. Bxb7
{[%clk 1:16:50]} Rb8 {[%clk 1:17:25]} 13. Bg2 {[%clk 1:16:47]} Nc5
{[%clk 1:14:17]} 14. Bb2 {[%clk 0:58:21]} Be5 {[%clk 1:07:02]} 15. Qe2
{[%clk 0:49:03]} Ng6 {[%clk 1:01:28]} 16. Nd2 {[%clk 0:44:48]} Re8
{[%clk 0:58:31]} 17. Rae1 {[%clk 0:39:46]} Re7 {[%clk 0:49:51]} 18. Ne4
{[%clk 0:37:49]} Ne6 {[%clk 0:41:13]} 19. Qh5 {[%clk 0:34:50]} a4
{[%clk 0:39:55]} 20. Bh3 {[%clk 0:33:12]} Nef8 {[%clk 0:33:08]} 21. Bc1
{[%clk 0:30:54]} c6 {[%clk 0:31:27]} 22. bxc6 {[%clk 0:28:54]} Qc7
{[%clk 0:31:56]} 23. Bd2 {[%clk 0:26:43]} Qxc6 {[%clk 0:31:26]} 24. Bb4
{[%clk 0:26:50]} Ra7 {[%clk 0:31:07]} 25. Bg2 {[%clk 0:15:37]} Qc7
{[%clk 0:31:25]} 26. Ng5 {[%clk 0:14:11]} Bd6 {[%clk 0:27:45]} 27. Nxf7
{[%clk 0:04:06]} Bxb4 {[%clk 0:25:53]} 28. axb4 {[%clk 0:04:20]} Nd7
{[%clk 0:16:18]} 29. Bd5 {[%clk 0:02:11]} Nf6 {[%clk 0:16:47]} 30. Ng5+
{[%clk 0:00:44]} Kh8 {[%clk 0:17:16]} 31. Qh3 {[%clk 0:00:37]} Nf8
{[%clk 0:17:36]} 32. Nf7+ {[%clk 0:00:34]} Kg8 {[%clk 0:18:06]} 33. Nh6+
{[%clk 0:00:35]} Kh8 {[%clk 0:18:35]} 34. Nf7+ {[%clk 0:00:36]} Kg8
{[%clk 0:19:03]} 35. Nh6+ {[%clk 0:00:35]} Kh8 {[%clk 0:19:32]} 36. Nf7+
{[%clk 0:00:46]} 1/2-1/2